Thiết kế mô hình điều khiển nhiệt độ và độ ẩm trong nhà kính dùng trong nông nghiệp : Bảo cáo tổng kết đề tài khoa học và công nghệ cấp Trường
Thiết kế mô hình điều khiển nhiệt độ và độ ẩm trong nhà kính dùng trong nông nghiệp, từng bước tự động hóa, cơ giới hóa nông nghiệp
Gardado en:
| Autor Principal: | |
|---|---|
| Formato: | Libro |
| Idioma: | Undetermined |
| Publicado: |
Cần Thơ
Trường Đại học Cần Thơ
2011
|
| Những chủ đề: | |
| Các nhãn: |
Engadir etiqueta
Sen Etiquetas, Sexa o primeiro en etiquetar este rexistro!
|
| Thư viện lưu trữ: | Trung tâm Học liệu Trường Đại học Cần Thơ |
|---|
| LEADER | 01092nam a2200205Ia 4500 | ||
|---|---|---|---|
| 001 | CTU_203306 | ||
| 008 | 210402s9999 xx 000 0 und d | ||
| 082 | |a 630.20285 | ||
| 082 | |b Th429 | ||
| 100 | |a Nguyễn, Văn Thỏn | ||
| 245 | 0 | |a Thiết kế mô hình điều khiển nhiệt độ và độ ẩm trong nhà kính dùng trong nông nghiệp : | |
| 245 | 0 | |b Bảo cáo tổng kết đề tài khoa học và công nghệ cấp Trường | |
| 245 | 0 | |c Nguyễn Văn Thỏn (Chủ nhiệm đề tài) ; Trần Lê Trung Chánh (cán bộ hướng dẫn) | |
| 260 | |a Cần Thơ | ||
| 260 | |b Trường Đại học Cần Thơ | ||
| 260 | |c 2011 | ||
| 520 | |a Thiết kế mô hình điều khiển nhiệt độ và độ ẩm trong nhà kính dùng trong nông nghiệp, từng bước tự động hóa, cơ giới hóa nông nghiệp | ||
| 650 | |a Agriculture,Nông nghiệp | ||
| 904 | |i Nguyên | ||
| 980 | |a Trung tâm Học liệu Trường Đại học Cần Thơ | ||